LEADER 01059nam0-22003131i-450- 001 990004523810403321 005 20140627123622.0 035 $a000452381 035 $aFED01000452381 035 $a(Aleph)000452381FED01 035 $a000452381 100 $a19990604f1928----km-y0itay50------ba 101 0 $aita 105 $ay-------001yy 200 1 $a<>primo anno del ministero Vallesa$e(1814-1815)$esaggio di politica sarda, interna ed estera, nel primo anno della restaurazione$fArturo Segre 210 $aTorino$cF.lli Bocca$d1928 215 $a411 p.$d23 cm 225 1 $aBiblioteca di Storia Italiana recente$e1800-1870$v10 606 0 $aVallesa Alessandro - Attivitā politica 610 0 $aSARDEGNA - Storia - 1814-1815 676 $a320.10973 700 1$aSegre,$bArturo$f<1873-1928>$0135118 801 0$aIT$bUNINA$gRICA$2UNIMARC 901 $aBK 912 $a990004523810403321 952 $a320.1 SEG 1$bBibl. 14654$fFLFBC 959 $aFLFBC 996 $aPrimo anno del ministero Vallesa$9548223 997 $aUNINA LEADER 01113nam--2200349---450- 001 990003597060203316 005 20111125120152.0 010 $a88-89776-30-7 035 $a000359706 035 $aUSA01000359706 035 $a(ALEPH)000359706USA01 035 $a000359706 100 $a20111125d2006----km-y0itay50------ba 101 0 $aita 102 $aIT 105 $a||||||||001yy 200 1 $a<> fisica unigravitazionale e l'equazione cosmologica$ele leggi del cosmo in una conchiglia$el'universo č luce$fRenato Palmieri 210 $aNapoli$cArte tipografica$d2006 215 $aXVIII, 356 p.$cill.$d21 cm$e1 CD-ROM 225 2 $aUmanesimo e scienza$v5 410 0$12001$aUmanesimo e scienza$v5 606 0 $aGravitazione universale$2BNCF 676 $a531.5 700 1$aPALMIERI,$bRenato$01545 801 0$aIT$bsalbc$gISBD 912 $a990003597060203316 951 $a531.5 PAL 1$b222342 L.M.$c531.5$d00268646 959 $aBK 969 $aTEC 979 $aIANNONE$b90$c20111125$lUSA01$h1201 996 $aFisica unigravitazionale e l'equazione cosmologica$91135382 997 $aUNISA LEADER 01171nam0 22002773i 450 001 VAN00067006 005 20250110124317.449 010 $a88-8265-105-3 100 $a20090128d2000 |0itac50 ba 101 $aita 102 $aIT 105 $a|||| ||||| 200 1 $aRavenna$fValentina Manzelli 210 $aRoma$cL'erma di Bretschneider$d[2000] 215 $a251 p., [2] c. geogr. ripieg.$cill.$d26 cm 410 1$1001VAN00060196$12001 $aAtlante tematico di topografia antica. Supplementi$1210 $aRoma$cL'erma di Bretschneider$d1995-$v8 410 1$1001VAN00060227$12001 $aCittā romane$1210 $aRoma$cL'erma di Bretschneider$d2000-.$v2 620 $dRoma$3VANL000360 700 1$aManzelli$bValentina$3VANV053232$0185414 712 $aL'erma di Bretschneider $3VANV108245$4650 801 $aIT$bSOL$c20250117$gRICA 899 $aBIBLIOTECA DEL DIPARTIMENTO DI LETTERE E BENI CULTURALI$1IT-CE0103$2VAN07 912 $aVAN00067006 950 $aBIBLIOTECA DEL DIPARTIMENTO DI LETTERE E BENI CULTURALI$d07CONS Per ATTA 2000 Sup. $e07 9378 20090128 996 $aRavenna$9874170 997 $aUNICAMPANIA